000 00533nam a2200217Ia 4500
003 OSt
005 20220928141850.0
006 a|||||r|||| 00| 0
007 ta
008 220927b |||||||| |||| 00| 0 eng d
024 _a18176
037 _cTextual
040 _aSDCL
_cSDCL
_beng
041 _2eng
_aeng
082 _aW:2, L3
100 _aNwabueze B O
_9502566
245 0 _aConstitutionalism in the emergent states
260 _c1973
942 _hW:2, L3
_cTEXL
_2CC
999 _c820439
_d820439